Каталитические способы получения нефтеполимерных смол; Известия Томского политехнического университета [Известия ТПУ]; Т. 309, № 3
| Parent link: | Известия Томского политехнического университета [Известия ТПУ]/ Томский политехнический университет (ТПУ).— , 2000- Т. 309, № 3.— 2006.— [С. 106-112] |
|---|---|
| Beste egile batzuk: | , , , |
| Gaia: | Заглавие с титульного листа Электронная версия печатной публикации Представлена оценка получения нефтеполимерных смол каталитическими методами. Исследована возможность использования перспективных узких фракций, образующихся при разделении жидких продуктов пиролиза для получения нефтеполимерных смол с использованием катализаторов на основе комплексов TiCl4 с алюминийорганическими соединениями. Установлена связь условий проведения процесса с выходом и свойствами синтезированных смол. |
| Hizkuntza: | errusiera |
| Argitaratua: |
2006
|
| Saila: | Технические науки |
| Gaiak: | |
| Sarrera elektronikoa: | http://www.lib.tpu.ru/fulltext/v/Bulletin_TPU/2006/v309/i3/25.pdf |
| Formatua: | Baliabide elektronikoa Liburu kapitulua |
| KOHA link: | https://koha.lib.tpu.ru/cgi-bin/koha/opac-detail.pl?biblionumber=171326 |
MARC
| LEADER | 00000nla2a2200000 4500 | ||
|---|---|---|---|
| 001 | 171326 | ||
| 005 | 20240119171137.0 | ||
| 035 | |a (RuTPU)RU\TPU\book\185784 | ||
| 035 | |a RU\TPU\book\185779 | ||
| 090 | |a 171326 | ||
| 100 | |a 20091203d2006 k y0rusy50 ca | ||
| 101 | 0 | |a rus | |
| 102 | |a RU | ||
| 135 | |a drnn ---uucaa | ||
| 181 | 0 | |a i | |
| 182 | 0 | |a b | |
| 200 | 1 | |a Каталитические способы получения нефтеполимерных смол |f В. Г. Бондалетов [и др.] | |
| 203 | |a Текст |c электронный | ||
| 215 | |a 1 файл (298 Кб) | ||
| 225 | 1 | |a Технические науки | |
| 300 | |a Заглавие с титульного листа | ||
| 300 | |a Электронная версия печатной публикации | ||
| 320 | |a [Библиогр.: с. 111-112 (44 назв.)] | ||
| 330 | |a Представлена оценка получения нефтеполимерных смол каталитическими методами. Исследована возможность использования перспективных узких фракций, образующихся при разделении жидких продуктов пиролиза для получения нефтеполимерных смол с использованием катализаторов на основе комплексов TiCl4 с алюминийорганическими соединениями. Установлена связь условий проведения процесса с выходом и свойствами синтезированных смол. | ||
| 337 | |a Adobe Reader | ||
| 461 | 1 | |0 (RuTPU)RU\TPU\book\176237 |t Известия Томского политехнического университета [Известия ТПУ] |f Томский политехнический университет (ТПУ) |d 2000- | |
| 463 | 1 | |0 (RuTPU)RU\TPU\book\185729 |x 1684-8519 |t Т. 309, № 3 |v [С. 106-112] |d 2006 |p 261 с. | |
| 610 | 1 | |a каталитические способы | |
| 610 | 1 | |a нефтеполимерные смолы | |
| 610 | 1 | |a каталитические методы | |
| 610 | 1 | |a узкие фракции | |
| 610 | 1 | |a жидкие продукты | |
| 610 | 1 | |a пиролиз | |
| 610 | 1 | |a катализаторы | |
| 610 | 1 | |a алюминийорганические соединения | |
| 610 | 1 | |a условия | |
| 610 | 1 | |a свойства | |
| 610 | 1 | |a синтезированные смолы | |
| 610 | 1 | |a труды учёных ТПУ | |
| 610 | 1 | |a электронный ресурс | |
| 701 | 1 | |a Бондалетов |b В. Г. |c химик-технолог |c профессор Томского политехнического университета, доктор технических наук |f 1957- |g Владимир Григорьевич |3 (RuTPU)RU\TPU\pers\25605 |9 11534 | |
| 701 | 1 | |a Фитерер |b Е. П. |c химик |c старший преподаватель Томского политехнического университета, кандидат химических наук |f 1974- |g Елена Петровна |3 (RuTPU)RU\TPU\pers\25650 | |
| 701 | 1 | |a Бондалетова |b Л. И. |c химик-технолог |c доцент Томского политехнического университета, кандидат химических наук |f 1956- |g Людмила Ивановна |3 (RuTPU)RU\TPU\pers\25852 |9 11721 | |
| 701 | 1 | |a Новиков |b С. С. | |
| 801 | 1 | |a RU |b 63413507 |c 20090623 |g PSBO | |
| 801 | 2 | |a RU |b 63413507 |c 20211021 |g PSBO | |
| 856 | 4 | |u http://www.lib.tpu.ru/fulltext/v/Bulletin_TPU/2006/v309/i3/25.pdf | |
| 942 | |c CF | ||